Normal view MARC view

Entry Personal Name

Number of records used in: 1

001 - CONTROL NUMBER

  • control field: 76678

003 - CONTROL NUMBER IDENTIFIER

  • control field: dpl

005 - DATE AND TIME OF LATEST TRANSACTION

  • control field: 20250116115913.0

008 - FIXED-LENGTH DATA ELEMENTS

  • fixed length control field: 250116|| aca||aabn | a|a d

040 ## - CATALOGING SOURCE

  • Original cataloging agency: dpl
  • Transcribing agency: dpl

100 ## - HEADING--PERSONAL NAME

  • Personal name: Dr. G. N. Krishnamurthy

670 ## - SOURCE DATA FOUND

  • Source citation: Work cat.: (dpl)208552: Trends in Developing & Managing E-Resources in Libraries/, 2012

© Delhi Public Library
Hit Counter
free hit counter